| 000 | 01072nam a22002774i 4500 | ||
|---|---|---|---|
| 999 |
_c7955 _d7955 |
||
| 001 | 991061193758906706 | ||
| 003 | OSt | ||
| 005 | 20241029120645.0 | ||
| 008 | 241003s202409 spc||||fr|||| 00| 0|cat|c | ||
| 017 |
_aDL T. 829-2024 _bBiblioteca de Catalunya |
||
| 020 | _a9788413651644 | ||
| 040 |
_aES-TaURV _bcat _erda _cCDMR |
||
| 100 | 1 | _aMestre i Prat de Pàdua, Maria, | |
| 245 | 1 | 0 |
_aCent anys d'associacions de periodistes a l'Ebre / _cMaria Mestre i Prat de Pàdua i Josep Bayerri Raga |
| 264 |
_aTarragona : _bPublicacions URV, _c2024 |
||
| 300 |
_a82 pàgines : _bil·lustracions, fotografies en blanc i negre ; _c24 cm |
||
| 490 | 1 | _aCol·lecció Campus Terres de l'Ebre | |
| 610 | 2 | 4 | _aAssociació de la Premsa de Tortosa |
| 650 | 7 |
_aPeriodistes _xSocietats, etc. _zTerres de l'Ebre (Catalunya). _2lemac |
|
| 650 | 7 |
_aPeriodisme _zTerres de l'Ebre (Catalunya) _xHistòria. _2lemac |
|
| 700 | 1 | _aBayerri Raga, Josep, | |
| 830 | 0 |
_aUniversitat Rovira i Virgili (Col·lecció). _pCampus Terres de l'Ebre ; _v9 |
|
| 908 | _aURV | ||
| 940 | _aURV | ||
| 942 |
_2udc _cMON |
||